000
00267nam a2200109Ia 4500
008
220216s9999 xx 000 0 und d
100
_a
Mathew George
245
0
_a
Karshakakootayimayakku idakunnam maathruka
260
_b
Rubber
_c
2013
300
_a
24-25
942
_c
JS
999
_c
61838
_d
61838